000 00295nam a22001337a 4500
003 SGT
082 _a615.53
_bK15S
100 _aSHARMA , HEMARAJA
245 _aTHE KASYAPA SAMHITA
260 _aVARANASI
_bCHAUKHAMBHA PUB
_c2015
300 _a578
650 _aKASYAPA SAMHITA
942 _2ddc
_cBK
_02
999 _c8462
_d8462